Dos personas.
Saved in:
| Main Author: | |
|---|---|
| Format: | Book |
| Language: | English |
| Published: |
Barcelona, España; México, D.F., México:
Océano,
2009.
|
| Edition: | Primera edición. |
| Series: | Océano Travesia.
|
| Subjects: | |
| Tags: |
Add Tag
No Tags, Be the first to tag this record!
|
MARC
| LEADER | 00000nam a22000007a 4500 | ||
|---|---|---|---|
| 003 | CL-VaPUC | ||
| 005 | 20250321101916.0 | ||
| 008 | 250113b ||||| |||| 00| 0 eng d | ||
| 999 | |c 446448 |d 446446 | ||
| 020 | |a 978-607-400-216-4 (Océano España) | ||
| 020 | |a 978-607-400-216-4 (Océano México) | ||
| 040 | |c Pontificia Universidad Católica de Valparaíso | ||
| 082 | 7 | |a 891.85 CHM 2009 |2 22 | |
| 100 | |a Chmielewska, Iwona |e autora |9 895254 | ||
| 245 | |a Dos personas. | ||
| 246 | |a Du saram. | ||
| 250 | |a Primera edición. | ||
| 260 | |a Barcelona, España; |a México, D.F., México: |b Océano, |c 2009. | ||
| 300 | |a Sin paginación : |b ilustraciones. | ||
| 490 | |a Océano Travesia. | ||
| 500 | |a c.1-c.3.Instituto Arcos 8-1-2025. | ||
| 583 | |c 20250113 |k GC | ||
| 650 | |a Literatura infantil y juvenil |x Literatura polaca |9 895255 | ||
| 942 | |2 ddc |c BK |n 0 | ||
| 952 | |0 0 |1 0 |2 ddc |4 0 |6 891_850000000000000_CHM_2009 |7 0 |8 A |9 599156 |a BIBINC |b BIBINC |d 2025-01-13 |e Instituto Arcos |i 5664149 |o 891.85 CHM 2009 |p 5664149 |r 2025-01-13 |t 1 |w 2025-01-13 |y BK |k IFP | ||
| 952 | |0 0 |1 0 |2 ddc |4 0 |6 891_850000000000000_CHM_2009 |7 0 |8 A |9 599157 |a BIBINC |b BIBINC |d 2025-01-13 |e Instituto Arcos |i 5664150 |o 891.85 CHM 2009 |p 5664150 |r 2025-01-13 |t 2 |w 2025-01-13 |y BK |k IFP | ||
| 952 | |0 0 |1 0 |2 ddc |4 0 |6 891_850000000000000_CHM_2009 |7 0 |8 A |9 599158 |a BIBINC |b BIBINC |d 2025-01-13 |e Instituto Arcos |i 5664151 |o 891.85 CHM 2009 |p 5664151 |r 2025-01-13 |t 3 |w 2025-01-13 |y BK |k IFP | ||